000 00236 a2200097 4500
001 6426
100 _aKarandeyev, K
245 _aBridge and Potentiometer methods of Electrical Measurement
260 _a
_bPeace
_c
090 _c5286
_d5286
942 _aNUST-CAE
_cM
_c31696
999 _c241499
_d241499